Classical electricity and magnetism / (Record no. 8636)
[ view plain ]
| 000 -LEADER | |
|---|---|
| fixed length control field | 01046cam a22003011 4500 |
| 001 - CONTROL NUMBER | |
| control field | 8636 |
| 003 - CONTROL NUMBER IDENTIFIER | |
| rucl marc code | BD-RjUL |
| 005 - DATE AND TIME OF LATEST TRANSACTION | |
| control field | 20211208234625.0 |
| 008 - FIXED-LENGTH DATA ELEMENTS--GENERAL INFORMATION | |
| fixed length control field | 190114s1962 maua b 001 0 eng |
| 035 ## - SYSTEM CONTROL NUMBER | |
| System control number | (BD-RjUL)8681 |
| System control number | (OCoLC)920357 |
| 040 ## - CATALOGING SOURCE | |
| Original cataloging agency | DLC |
| Transcribing agency | MNS |
| Modifying agency | OCoLC |
| -- | DLC |
| -- | BD-RjUL |
| Language of cataloging | eng |
| 041 ## - LANGUAGE CODE | |
| Language code of text/sound track or separate title | eng |
| 082 ## - DEWEY DECIMAL CLASSIFICATION NUMBER | |
| Edition number | 23 |
| Classification number | 537.1 |
| Author mark and year | PAC 1962 |
| 100 1# - MAIN ENTRY--PERSONAL NAME | |
| Personal name | Panofsky, Wolfgang K. H. |
| Fuller form of name | (Wolfgang Kurt Hermann), |
| Dates associated with a name | 1919-2007. |
| 9 (RLIN) | 26900 |
| 245 10 - TITLE STATEMENT | |
| Title | Classical electricity and magnetism / |
| Statement of responsibility, etc. | by Wolfgang K. H. Panofsky and Melba Phillips. |
| 260 ## - PUBLICATION, DISTRIBUTION, ETC. (IMPRINT) | |
| Place of publication, distribution, etc. | Cambridge, Mass : |
| Name of publisher, distributor, etc. | Addison-Wesley Pub. Co., |
| Date of publication, distribution, etc. | c1962. |
| 300 ## - PHYSICAL DESCRIPTION | |
| Pagination | xi, 400 p. : |
| Illustrations | ill. ; |
| Size | 24 cm. |
| 490 1# - SERIES STATEMENT | |
| Series statement | Addison-Wesley series in advanced physics |
| 504 ## - BIBLIOGRAPHY, ETC. NOTE | |
| Bibliography, etc | Includes Bibliography: p. 391-393 and index. |
| 650 #0 - SUBJECT ADDED ENTRY--TOPICAL TERM | |
| Topical term or geographic name as entry element | Electricity. |
| 9 (RLIN) | 26901 |
| Topical term or geographic name as entry element | Electromagnetic theory. |
| 9 (RLIN) | 26902 |
| Topical term or geographic name as entry element | Relativity (Physics) |
| 9 (RLIN) | 26903 |
| 700 1# - ADDED ENTRY--PERSONAL NAME | |
| Personal name | Phillips, Melba, |
| Dates associated with a name | 1907- |
| 830 #0 - SERIES ADDED ENTRY--UNIFORM TITLE | |
| Uniform title | A-W series in advanced physics. |
| 942 ## - ADDED ENTRY ELEMENTS (KOHA) | |
| Source of classification or shelving scheme | Dewey Decimal Classification |
| Koha item type | Books |
| Lost status | Source of classification or shelving scheme | Damaged status | Not for loan | Collection code | Permanent Location | Current Location | Shelving location | Date acquired | Source of acquisition | Cost, normal purchase price | Total Checkouts | Full call number | Date last seen | Copy number | Koha item type |
|---|---|---|---|---|---|---|---|---|---|---|---|---|---|---|---|
| Dewey Decimal Classification | Non-fiction | Central Library, University of Rajshahi | Central Library, University of Rajshahi | 19/12/1973 | U.S.GOVT | 0.00 | 537.1 PAC 1962 | 19/01/2014 | C-7 | Books | |||||
| Dewey Decimal Classification | Non-fiction | Central Library, University of Rajshahi | Central Library, University of Rajshahi | 09/11/1965 | Ziet | 68.00 | 537.1 PAC 1962 | 19/01/2014 | C-6 | Books | |||||
| Dewey Decimal Classification | Non-fiction | Central Library, University of Rajshahi | Central Library, University of Rajshahi | 12/02/1963 | Zeittinger | 94.00 | 537.1 PAC 1962 | 19/01/2014 | C-4 | Books | |||||
| Dewey Decimal Classification | Non-fiction | Central Library, University of Rajshahi | Central Library, University of Rajshahi | 12/02/1963 | Zeittinger | 94.00 | 537.1 PAC 1962 | 20/10/2016 | C-5 | Books |